| 000 | 00446nam a2200157 a 4500 | ||
|---|---|---|---|
| 005 | 20140414093841.0 | ||
| 008 | 071030s19uu xx uuu eng d | ||
| 050 |
_aCDR 790 _bCHI |
||
| 245 | _aThe Chinese musical instruments. | ||
| 260 |
_aChina : _bMinistry of culture of the People's repuplic of China. |
||
| 300 | _a1 videodisk ; sd. col. | ||
| 650 | _amusical instruments. | ||
| 650 |
_aMusic _xChina. |
||
| 942 | _cAVM | ||
| 999 |
_c109301 _d109301 |
||